书目信息 |
| 题名: |
纸上谈兵说管理
|
|
| 作者: | 肖知兴 著 | |
| 分册: | ||
| 出版信息: | 北京 机械工业出版社 2006.08 |
|
| 页数: | 154页 | |
| 开本: | 20cm | |
| 丛书名: | ||
| 单 册: | ||
| 中图分类: | F279.2 | |
| 科图分类: | ||
| 主题词: | 企业经济 | |
| 电子资源: | ||
| ISBN: | 7-111-19546-9 | |
| 000 | 00574nam0 2200217 45 | |
| 001 | 0937672343 | |
| 005 | 20091030102905.28 | |
| 010 | @a7-111-19546-9@dCNY26.00 | |
| 100 | @a20090515d2006 ekmy0 y0120 ea | |
| 102 | @aCN@b130000 | |
| 102 | @aCN@b110000 | |
| 105 | @ay z 000yy | |
| 200 | 1 | @a纸上谈兵说管理@f肖知兴著@Fxiao zhi xing zhu |
| 210 | @a北京@c机械工业出版社@d2006.08 | |
| 215 | @a154页@d20cm | |
| 606 | 0 | @a企业经济 |
| 690 | @aF279.2@v4 | |
| 701 | 0 | @a肖知兴@Axiao zhi xing@4著 |
| 801 | 0 | @aCN@c20091030 |
| 905 | @a10447@dF279.2@eX2951 | |
| 906 | @d26@n2@r1 | |
| 纸上谈兵说管理/肖知兴著.-北京:机械工业出版社,2006.08 |
| 154页;20cm |
| ISBN 7-111-19546-9:CNY26.00 |
| ● |
| 相关链接 |
|
|
|
正题名:纸上谈兵说管理
索取号:F279.2/X2951
 
预约/预借
| 序号 | 登录号 | 条形码 | 馆藏地/架位号 | 状态 | 备注 |
| 1 | 890483 | 208904836 | 社科二线422/409社科库 97排3列5层/ [索取号:F279.2/X2951] | 在馆 | |
| 2 | 890484 | 208904845 | 社科库409/409社科库 97排3列5层/ [索取号:F279.2/X2951] | 在馆 |